000
00271nam a22001217a 4500
008
180806b xxu||||| |||| 00| 0 eng d
082
_a
813.52
245
_a
Bodyworks 4.0
_c
Softkey
260
_c
1993-1995
300
_a
1
_f
CD
440
_x
772040743550
942
_2
ddc
_c
MX
999
_c
46840
_d
46840